LEADER 00890nam0-2200277 --450 001 9910479549203321 005 20210621131839.0 017 70$a635321$2U 020 $aIT$b1932 5487 100 $a20210621d1932----kmuy0itay5050 ba 101 $aita 102 $aIT 105 $a 001yy 200 1 $a<>canto 13. del Purgatorio$eletto da Albino Zenatti nella Sala di Dante in Orsanmichele [il dì 21. di gennaio 1909.] 210 $aFirenze$cG. C. Sansoni$dstampa 1932$eFirenze$gTip. L'arte della Stampa, Succ. Landi 215 $a38 p.$d24 cm. 225 1 $aLectura Dantis 517 1 $a<>canto tredicesimo del Purgatorio 700 1$aZenatti,$bAlbino$0179692 801 0$aIT$bUNINA$gREICAT$2UNIMARC 901 $aBK 912 $a9910479549203321 952 $a3/X F 3(13)$b17217$fFLFBC 959 $aFLFBC 996 $aCanto 13. del Purgatorio$91216745 997 $aUNINA